Language Quiz

Random Language or Author Quiz
Score 0/24 Timer 03:00
0 Plays Today
% Correct
Man
94.6%
Green
94.5%
Garden
94.5%
Old
94.5%
Kilimanjaro
94.5%
Spring
94.3%
Also
94.2%
Sea
94%
Under
94%
Feast
94%
Africa
93.9%
Arms
93.9%
% Correct
Sun
93.8%
Farewell
93.7%
True
93.6%
Bell
93.6%
First
93.2%
Hills
93.1%
Rises
92.3%
Eden
92.2%
Tolls
89.4%
Torrents
89.2%
Moveable
87.4%
Light
87%
Remove Ads.
Support Sporcle.
Get the best of Sporcle when you Go Orange. This ad-free experience offers more features, more stats, and more fun while also helping to support Sporcle. Thank you for becoming a member.

You're not logged in!

Compare scores with friends on all Sporcle quizzes.
OR
Log In

Show Comments

Extras

Top Quizzes Today


Score Distribution

Your Account Isn't Verified!

In order to create a playlist on Sporcle, you need to verify the email address you used during registration. Go to your Sporcle Settings to finish the process.

Report this User

Report this user for behavior that violates our Community Guidelines.

Details: